000
00239nam a22001097a 4500
082
_a
539.7 EFR'N
100
_a
EFRON, ALEXANDER
_9
74990
245
_a
NUCLEAR ENERGY
260
_a
NEWYORK
_b
JOHN F.RIDER
_c
1958
300
_a
63P
942
_c
BK
999
_c
580489
_d
580489